[Event "Biella Vercelli Province-ch"]
[Site "Biella"]
[Date "2015.03.07"]
[Round "2"]
[White "Della Peruta, Lorenzo"]
[Black "Prato, Stefano"]
[Result "1-0"]
[WhiteElo "1523"]
[BlackElo "1419"]
[PlyCount "55"]
[EventDate "2015.03.06"]
[EventType "swiss"]
[EventRounds "5"]
[EventCountry "ITA"]
[SourceTitle "EXT 2017"]
[Source "ChessBase"]
[SourceDate "2016.10.25"]
[SourceVersion "1"]
[SourceVersionDate "2016.10.25"]
[SourceQuality "1"]

1. e4 e5 2. Nf3 Nc6 3. Bc4 Nf6 4. d3 Bc5 5. Nc3 0-0 6. Bg5 Be7 7. Be3 Ng4 8. Qd2 Bb4 9. 0-0 Qf6 10. a3 Nxe3 11. Qxe3 Na5 12. axb4 Nxc4 13. dxc4 d6 14. Nd5 Qd8 15. Rfd1 Bg4 16. h3 Be6 17. Rxa7 Rb8 18. c5 b6 19. Nc3 Qe7 20. cxd6 Qe8 21. dxc7 Rc8 22. Qxb6 Ra8 23. Rxa8 Qxa8 24. Rd8 Qa1+ 25. Kh2 Qxb2 26. Rxf8+ Kxf8 27. Qb8+ Ke7 28. Qd8# 1-0

[Event "Biella Vercelli Province-ch"]
[Site "Biella"]
[Date "2015.03.06"]
[Round "1"]
[White "Prato, Stefano"]
[Black "Ricciardi, Arcangelo"]
[Result "0-1"]
[WhiteElo "1419"]
[BlackElo "1745"]
[PlyCount "80"]
[EventDate "2015.03.06"]
[EventType "swiss"]
[EventRounds "5"]
[EventCountry "ITA"]
[SourceTitle "EXT 2017"]
[Source "ChessBase"]
[SourceDate "2016.10.25"]
[SourceVersion "1"]
[SourceVersionDate "2016.10.25"]
[SourceQuality "1"]

1. d4 d5 2. c3 Nf6 3. Nf3 Bf5 4. Bf4 Nbd7 5. Nbd2 h6 6. e3 e6 7. Bb5 c6 8. Ba4 Nh5 9. 0-0 g5 10. Be5 f6 11. Qe2 fxe5 12. Nxe5 Nxe5 13. dxe5 g4 14. b4 b5 15. Bb3 Rg8 16. a4 a6 17. Rac1 Qc7 18. f4 Qh7 19. g3 Bd3 20. Qg2 Bxf1 21. Nxf1 c5 22. Bc2 Qd7 23. Nd2 cxb4 24. c4 bxc4 25. e4 b3 26. Bd1 Bc5+ 27. Kh1 Be3 28. Bxg4 Rxg4 29. Qe2 Bxd2 30. Qxg4 Bxc1 31. Qxh5+ Kd8 32. Qxh6 Kc7 33. g4 b2 34. Kg2 b1Q 35. Kh3 Qxe4 36. Qg5 Bxf4 37. Qh5 Qf3+ 38. Kh4 Qg2 39. Qg6 Rh8+ 40. Qh5 Qxh2# 0-1